| 000 | 01870cam a22004097a 4500 | ||
|---|---|---|---|
| 003 | CHAP | ||
| 005 | 20220817042934.0 | ||
| 008 | 971013s1996 r 00010 d | ||
| 010 | _a60518 | ||
| 011 | _a61490 | ||
| 035 | _a65656 | ||
| 040 | _cCHAP | ||
| 082 |
_a338.972 I59 1995 _bGro. |
||
| 110 |
_aInstituto Nacional de Estadística, Geografía e Informática. México _959304 |
||
| 245 | 0 |
_aCuaderno estadístico municipal _b: Guerrero |
|
| 260 |
_aAguascalientes, Ags. : _bINEGI, _c1996 |
||
| 300 | _av. | ||
| 500 | _aLa biblioteca tiene : v.1 Atoyac de Alvarez.--v.2 Coyuca de Benítez.--v.3 Iguala de la Independencia | ||
| 590 |
_aBATCH-UPD _b10 _c20130110 _lUCH01 _h0015 |
||
| 590 |
_aBATCH-UPD _b10 _c20130110 _lUCH01 _h1504 |
||
| 590 |
_aBATCH-UPD _b10 _c20130410 _lUCH01 _h0924 |
||
| 590 |
_aBATCH-UPD _b10 _c20130914 _lUCH01 _h1500 |
||
| 590 |
_aCONVERSION _b10 _c20130109 _lUCH01 _h1333 |
||
| 650 | 1 | 4 |
_aAgricultura _xEstadisticas _zGuerrero. _91453 |
| 650 | 1 | 4 |
_aGanadería _xEstadísticas _zGuerrero. _944712 |
| 650 | 1 | 4 |
_aGuerrero _xCondiciones económicas. |
| 650 | 1 | 4 |
_aGuerrero _xCondiciones sociales. _951181 |
| 650 | 1 | 4 |
_aGuerrero _xEstadísticas. _951184 |
| 901 | _aBK | ||
| 942 | _cLIBRO | ||
| 949 |
_a338.972 I59 1995 Gro. _bBC _cINEGI _d33724000655965 _eINEGI _fv.3 _gI. c/e _h90739 _i65656 _sb _t26.00 |
||
| 949 |
_a338.972 I59 1995 Gro. _bBC _cINEGI _d33724000655973 _eINEGI _fv.3 c.2 _gI. c/e _h90740 _i65656 _sb _t26.00 |
||
| 949 |
_a338.972 I59 1995 Gro. _bBC _cINEGI _d33724000655981 _eINEGI _fv.2 c.2 _gI. c/e _h90738 _i65656 _sb _t26.00 |
||
| 949 |
_a338.972 I59 1995 Gro. _bBC _cINEGI _d33724000655999 _eINEGI _fv.2 _gI. c/e _h90737 _i65656 _sb _t26.00 |
||
| 949 |
_a338.972 I59 1995 Gro. _bBC _cINEGI _d33724000656005 _eINEGI _fv.1 _gI. c/e _h90735 _i65656 _sb _t26.00 |
||
| 949 |
_a338.972 I59 1995 Gro. _bBC _cINEGI _d33724000670592 _eINEGI _fv.1 c.2 _gI. c/e _h90736 _i65656 _sb _t26.00 |
||
| 999 |
_c60518 _d60518 |
||